Länder mit dem Höchsten Anteil an erneuerbaren Energien - Statistiken

Allgemein
  • Dieses Quiz wurde 90 mal gespielt
  • Das Durchschnittsergebnis liegt bei 9 aus 30
Antwortstatistiken
Hint Rang Antwort % Korrekt
99,42% 10 Norwegen
89%
99,99% 6 Island
78%
80,28% 27 Dänemark/Grönland
76%
81,12% 25 Neuseeland
55%
99,84% 9 Costa Rica
41%
79,27% 28 Österreich
41%
84,23% 22 Brasilien
38%
82,08% 24 Panama
37%
94,06% 14 Uruguay
36%
78,91% 29 Ecuador
34%
100% 1 Paraguay
34%
100% 1 Nepal
30%
100% 1 Bhutan
28%
94,06% 14 Uganda
28%
99,97% 7 Demokratische Republik Kongo
26%
89,82% 18 Kenia
25%
98,52% 12 Namibia
22%
81,11% 26 Angola
21%
96,4% 13 Belize
20%
100% 1 Lesotho
17%
99,96% 8 Äthiopien
16%
88% 19 Malawi
16%
99,34% 11 Zentralafrikanische Republik
16%
83,17% 23 Mosambik
14%
100% 1 Albanien
9%
76,91% 30 Georgien
9%
86,64% 20 Nordkorea
9%
92,35% 17 Kirgisistan
7%
85,27% 21 Afghanistan
5%
92,88% 16 Tadschikistan
4%
Keine übereinstimmenden Quizze gefunden
Verteilung der Resultate
Anzahl Personen mit jedem Resultat
Perzentil nach korrekt beantworteten Fragen
Ihre Resultats-Entwicklung
Sie haben dieses Quiz noch nicht gespielt